[Event "Schleswig Holstein-ch Seniors"]
[Site "Hanerau"]
[Date "2015.04.01"]
[Round "4"]
[White "Frowein, Ernst Holger"]
[Black "Schroeder, Heinz Guenter"]
[Result "1/2-1/2"]
[WhiteElo "1524"]
[BlackElo "1422"]
[PlyCount "110"]
[EventDate "2015.03.28"]
[EventType "swiss"]
[EventRounds "9"]
[EventCountry "GER"]
[SourceTitle "EXT 2018"]
[Source "ChessBase"]
[SourceDate "2017.10.13"]
[SourceVersion "1"]
[SourceVersionDate "2017.10.13"]
[SourceQuality "1"]

1. f4 d5 2. d4 Nf6 3. Nf3 e6 4. g3 c5 5. c3 Be7 6. Bg2 Nc6 7. e3 0-0 8. 0-0 b6 9. Nbd2 Bb7 10. Ne5 Qc7 11. Ndf3 h6 12. Bh3 Ne4 13. Nxc6 Bxc6 14. Ne5 Bb7 15. Qg4 Rae8 16. Qe2 Qc8 17. Qd1 Qc7 18. Re1 b5 19. Qh5 Bc8 20. Bg2 Bb7 21. Qe2 a6 22. Bxe4 dxe4 23. Ng4 c4 24. a3 Bd5 25. Qc2 Rc8 26. Nf2 Qc6 27. Bd2 Rfd8 28. Ra2 Rd7 29. Rea1 Rb7 30. Qd1 a5 31. Qh5 Rf8 32. Rf1 a4 33. f5 Qd7 34. Ng4 f6 35. Raa1 Qe8 36. Qxe8 Rxe8 37. fxe6 Bxe6 38. Nf2 f5 39. Kg2 Rf8 40. Nh3 g5 41. Rf2 Bd8 42. Raf1 Rbf7 43. Ng1 g4 44. Ne2 Bc7 45. Rd1 Bd5 46. Bc1 Bd6 47. Rdf1 Bc7 48. Bd2 Bd6 49. Nc1 Be7 50. Na2 Bd6 51. Nb4 Bxb4 52. cxb4 Kg7 53. Bc3 Kg6 54. Rf4 h5 55. Rh1 Rh7 1/2-1/2

[Event "Schleswig Holstein-ch Seniors"]
[Site "Hanerau"]
[Date "2015.04.01"]
[Round "6"]
[White "Frowein, Ernst Holger"]
[Black "Wollmann, Georg"]
[Result "1-0"]
[WhiteElo "1524"]
[BlackElo "1170"]
[PlyCount "61"]
[EventDate "2015.03.28"]
[EventType "swiss"]
[EventRounds "9"]
[EventCountry "GER"]
[SourceTitle "EXT 2018"]
[Source "ChessBase"]
[SourceDate "2017.10.13"]
[SourceVersion "1"]
[SourceVersionDate "2017.10.13"]
[SourceQuality "1"]

1. d4 Nf6 2. Nf3 e6 3. e3 d5 4. Bd3 Bb4+ 5. c3 Be7 6. Nbd2 h6 7. 0-0 0-0 8. Re1 Nbd7 9. e4 dxe4 10. Nxe4 Nxe4 11. Bxe4 Nf6 12. Bc2 b6 13. Ne5 c5 14. Ng4 Nxg4 15. Qxg4 f5 16. Qf3 Qd5 17. Qxd5 exd5 18. Rxe7 cxd4 19. cxd4 Ba6 20. Bb3 Rfe8 21. Rxe8+ Rxe8 22. Bf4 Re4 23. Bxd5+ Kh7 24. Bxe4 fxe4 25. Rc1 Bd3 26. Rc7 a6 27. Be5 Kg6 28. Rxg7+ Kh5 29. d5 Bc4 30. d6 Be6 31. d7 1-0